| 000 | 00800nam a2200169Ia 4500 | ||
|---|---|---|---|
| 008 | 090711s9999 xx 000 0 und d | ||
| 082 | _b967 | ||
| 100 | _aसोवनी रा. वि. / नारळीकर जयंत | ||
| 245 | _aलुईपाश्Sार (मानवतेSाा एक महान प्रवर्तक) | ||
| 260 | _c1994 | ||
| 300 | _a26 | ||
| 600 | _aसोवनी रा. वि. / नारळीकर जयंत | ||
| 630 | _aलुईपाश्Sार (मानवतेSाा एक महान प्रवर्तक) | ||
| 700 | _aसोवनी रा. वि. / नारळीकर जयंत | ||
| 730 | _aलुईपाश्Sार (मानवतेSाा एक महान प्रवर्तक) | ||
| 942 | _cBOOK | ||
| 999 |
_c324458 _d324458 |
||